[Event "Match"]
[Site "www.echecsemail.com"]
[Date "2015.02.23"]
[Round "1"]
[White "Paco"]
[Black "Tenzinnima"]
[WhiteElo "1910"]
[BlackElo "2270"]
[Result "1-0"]
[Round "1"]
1.e4 e6
2.d4 d5
3.e5 c5
4.Ng1f3 cxd4
5.Qd1xd4 Nb8c6
6.Bf1b5 Bc8d7
7.Bb5xc6 Bd7xc6
8.Nb1c3 f6
9.O-O fxe5
10.Qd4xe5 Qd8f6
11.Rf1e1 Qf6xe5
12.Re1xe5 Kd7
13.Nf3d4 Ra8e8
14.Bc1f4 Bf8d6
15.a3 Bd6xe5
16.Bf4xe5 Ng8f6
17.b4 Nf6g4
18.Be5xg7 Rh8g8
19.b5 { resign }
1-0

[Event "Match"]
[Site "www.echecsemail.com"]
[Date "2015.02.23"]
[Round "1"]
[White "Expert"]
[Black "Umzi"]
[WhiteElo "1680"]
[BlackElo "2120"]
[Result "1-0"]
[Round "1"]
1.d4 d5
2.Nb1c3 c6
3.e4 dxe4
4.Nc3xe4 e5
5.Ng1f3 exd4
6.Qd1xd4 Qd8xd4
7.Nf3xd4 Bf8c5
8.Ne4xc5 Ng8f6
9.Bc1g5 Nf6d5
10.O-O-O O-O
11.Bf1e2 b6
12.Nc5b3 a5
13.Nd4xc6 Nb8xc6
14.Rd1xd5 Bc8e6
15.Rd5d6 { resign }
1-0

[Event "Match"]
[Site "www.echecsemail.com"]
[Date "2015.02.23"]
[Round "1"]
[White "Bertel"]
[Black "Nimzo"]
[WhiteElo "2390"]
[BlackElo "2610"]
[Result "1/2-1/2"]
[Round "1"]
1.d4 Ng8f6
2.c4 e6
3.Ng1f3 b6
4.g3 Bc8b7
5.Bf1g2 Bf8e7
6.O-O O-O
7.d5 exd5
8.Nf3h4 c6
9.cxd5 cxd5
10.Nb1c3 Nb8a6
11.Nh4f5 Na6c7
12.Bc1f4 Rf8e8
13.Bf4d6 Be7f8
14.Bd6xf8 Re8xf8
15.Qd1d4 Bb7c6
16.Rf1d1 Rf8e8
17.e3 g6
18.Nf5h6 Kf8
19.Nh6g4 Nf6xg4
20.Qd4xg4 Qd8f6
21.Rd1d2 h5
22.Qg4f4 Qf6xf4
23.gxf4 Re8e6
24.Ra1d1 Re6d6
25.Nc3e2 Ra8c8
26.Ne2d4 Nc7e6
27.Rd1c1 Rc8b8
28.h4 Ne6xd4
29.Rd2xd4 Bc6b7
30.Rc1d1 Rb8c8
31.Bg2xd5 Bb7xd5
32.Rd4xd5 Rd6xd5
33.Rd1xd5 Ke7
34.Rd5d3 Ke6
{ draw }
1/2-1/2

[Event "Match"]
[Site "www.echecsemail.com"]
[Date "2015.02.23"]
[Round "1"]
[White "Harrytheking"]
[Black "Norbos"]
[WhiteElo "1690"]
[BlackElo "1710"]
[Result "1-0"]
[Round "1"]
1.c4 c5
2.g3 d6
3.Bf1h3 e5
4.Bh3xc8 Qd8xc8
5.Nb1c3 Ng8f6
6.h3 Qc8c6
7.f3 g6
8.d3 Bf8g7
9.e4 O-O
10.Bc1e3 Rf8d8
11.Ng1e2 Nb8a6
12.a3 Qc6b6
13.b3 Nf6h5
14.Nc3d5 Qb6c6
15.Nd5e7 { resign }
1-0

[Event "Match"]
[Site "www.echecsemail.com"]
[Date "2015.02.23"]
[Round "1"]
[White "Passaroa25"]
[Black "Derik"]
[WhiteElo "1610"]
[BlackElo "1639"]
[Result "0-1"]
[Round "1"]
1.Ng1h3 d5
2.Nh3f4 Ng8f6
3.f3 g6
4.e3 Bf8g7
5.Bf1d3 O-O
6.O-O Nb8c6
7.c3 g5
8.Nf4e2 Qd8d6
9.Qd1e1 Nc6e5
10.Bd3c2 b5
11.Ne2d4 a6
12.Bc2d1 Bg7h6
13.Bd1e2 e6
14.Nb1a3 Ra8b8
15.b4 Bc8d7
16.d3 c6
17.Bc1d2 c5
18.Nd4c2 Rf8c8
19.h3 c4
20.d4 Ne5d3
21.Qe1d1 Nd3b2
22.Qd1e1 Nf6h5
23.Qe1f2 Bh6g7
24.g4 Nh5g3
25.Rf1b1 Nb2a4
26.Bd2e1 Ng3xe2
27.Qf2xe2 Rc8e8
28.Qe2g2 e5
29.Be1g3 f6
30.Rb1d1 Na4b2
31.Rd1f1 Nb2d3
32.Ra1d1 Nd3b2
33.Rd1d2 Re8f8
34.f4 gxf4
35.exf4 exf4
36.Bg3xf4 Qd6e6
37.Bf4xb8 Rf8xb8
38.Nc2e1 Nb2a4
39.Rd2e2 Qe6d6
40.Ne1f3 Na4xc3
41.Re2c2 Nc3e4
42.Rf1b1 Rb8c8
43.Rb1b2 c3
44.Rb2b3 Qd6c6
45.Nf3e1 Ne4d2
46.Rb3xc3 Nd2c4
47.Qg2g3 f5
48.g5 Bg7xd4
49.Kf1 Bd4xc3
50.Rc2xc3 Nc4d2
51.Kf2 Nd2e4
52.Kg2 Ne4xg3
53.Rc3xg3 d4
54.Kh2 Qc6c1
55.Ne1g2 Qc1b2
56.h4 f4
57.Rg3f3 Rc8f8
58.Kg1 Qb2xa2
59.Ng2xf4 Qa2a1
60.Kh2 Qa1b2
61.Kg3 Qb2xb4
62.h5 d3
63.Rf3xd3 Qb4e1
64.Kg2 Rf8xf4
65.Rd3g3 Qe1f1
66.Kh2 Rf4f2
{ resign }
0-1

[Event "Match"]
[Site "www.echecsemail.com"]
[Date "2015.02.23"]
[Round "1"]
[White "Caspito"]
[Black "Wildtiger"]
[WhiteElo "1830"]
[BlackElo "1219"]
[Result "0-1"]
[Round "1"]
1.e4 c6
2.d4 d5
3.e5 c5
4.c3 e6
5.b3 Nb8c6
6.Bf1b5 Bc8d7
7.Ng1f3 Qd8b6
8.Bb5xc6 Bd7xc6
9.O-O Bf8e7
10.Bc1g5 Be7xg5
11.Nf3xg5 Qb6c7
12.Qd1h5 g6
13.Qh5f3 h6
14.Ng5h3 O-O-O
15.Nb1a3 Ng8e7
16.Qf3xf7 Rh8f8
17.Qf7xe6 Kb8
18.Qe6g4 h5
19.Qg4g5 Rf8f5
20.Qg5d2 Rd8f8
21.Na3c2 Bc6b5
22.Rf1e1 cxd4
23.cxd4 Bb5d7
24.e6 Bd7c8
25.Re1e3 g5
26.f3 g4
27.fxg4 hxg4
28.a4 gxh3
29.Re3xh3 Bc8xe6
30.Rh3h6 Rf8g8
31.Rh6xe6 Rg8h8
32.g3 Rf5h5
33.Re6e2 Ne7f5
34.Qd2f4 Qc7xf4
35.gxf4 Rh8g8
36.Kf1 Rh5h4
37.Re2f2 Rg8g4
38.Ke2 Rg4xf4
39.Rf2xf4 Rh4xf4
40.Ra1f1 Nf5xd4
41.Nc2xd4 Rf4xd4
42.Rf1f7 Rd4h4
43.Rf7f2 Rh4b4
44.Rf2f3 Kc7
45.Rf3g3 Rb4h4
46.h3 Kd6
47.Kd2 Kc5
48.Kd3 a6
49.Kc3 d4
50.Kc2 Kb4
51.Kb2 Rh4e4
52.Kc2 Re4h4
53.Kb2 Rh4f4
54.Rg3g2 Rf4f3
55.h4 Rf3h3
56.Rg2g4 Rh3h2
57.Kc1 Kc3
58.Kd1 Rh2h1
59.Ke2 d3
60.Ke3 Rh1e1
{ resign }
0-1

[Event "Match"]
[Site "www.echecsemail.com"]
[Date "2015.02.23"]
[Round "1"]
[White "Muller42"]
[Black "Gaspard"]
[WhiteElo "1809"]
[BlackElo "1229"]
[Result "1-0"]
[Round "1"]
1.e4 d5
2.exd5 Qd8xd5
3.Nb1c3 Qd5a5
4.d4 e5
5.dxe5 Bf8b4
6.Bc1d2 Qa5xe5
7.Bf1e2 Ng8f6
8.Ng1f3 Qe5e7
9.O-O O-O
10.Rf1e1 Rf8d8
11.Be2d3 Qe7d6
12.a3 Bb4c5
13.b4 Bc5b6
14.Nc3b5 Qd6c6
15.Nf3e5 Qc6e8
16.Bd3c4 Bc8e6
17.Ne5xf7 Be6xc4
18.Re1xe8 Rd8xe8
19.Nb5c3 Kxf7
20.a4 Bb6d4
21.Qd1f3 c6
22.b5 a6
23.Ra1b1 axb5
24.axb5 Bd4xc3
25.Bd2xc3 Re8e6
26.bxc6 bxc6
27.h3 Nb8d7
28.Bc3xf6 Nd7xf6
29.Rb1b7 Kg8
30.Qf3g3 g6
31.Qg3c7 Re6e1
32.Kh2 Nf6e8
33.Qc7xh7 Kf8
34.Qh7h8 Bc4g8
35.Qh8h6 Ne8g7
36.Qh6xg7 { resign }
1-0

[Event "Match"]
[Site "www.echecsemail.com"]
[Date "2015.02.23"]
[Round "1"]
[White "Gaspard"]
[Black "Cbaumhauer"]
[WhiteElo "1660"]
[BlackElo "1989"]
[Result "1/2-1/2"]
[Round "1"]
1.d4 Ng8f6
2.Bc1g5 d5
3.Nb1d2 Nb8d7
4.Ng1f3 g6
5.e3 Bf8g7
6.c4 O-O
7.Bf1d3 b6
8.b4 c5
9.bxc5 bxc5
10.O-O cxd4
11.exd4 dxc4
12.Nd2xc4 Nd7b6
13.Nc4e5 Bc8b7
14.Ra1c1 Nf6d5
15.Ne5g4 Ra8c8
16.Ng4h6 Kh8
17.Rc1xc8 Qd8xc8
18.Nf3e5 Bg7xe5
19.dxe5 Nd5c3
20.Qd1a1 Qc8c6
21.f3 Qc6c5
22.Kh1 Qc5xe5
23.Bg5d2 Nb6d5
24.Bd3e4 Qe5g7
25.Bd2xc3 Qg7xc3
26.Qa1xc3 Nd5xc3
27.Be4xb7 Kg7
28.Nh6g4 Rf8b8
29.Bb7a6 Nc3xa2
30.h3 Na2b4
31.Ba6c4 Rb8c8
32.Ng4e3 f5
33.f4 a5
34.Bc4b5 Rc8c5
35.Bb5a4 h5
36.Rf1d1 Kf6
37.Ba4b3 g5
38.Ne3d5 Nb4xd5
39.Rd1xd5 Rc5xd5
40.Bb3xd5 gxf4
41.Kg1 Ke5
42.Bd5c6 Kd6
43.Bc6e8 h4
44.Kf2 e5
45.Ke2 e4
46.Kd2 Ke5
47.Ke2 f3
48.gxf3 Kf4
49.fxe4 fxe4
50.Be8d7 e3
51.Kf1 Kf3
52.Ke1 Ke4
{ draw }
1/2-1/2

[Event "Match"]
[Site "www.echecsemail.com"]
[Date "2015.02.23"]
[Round "1"]
[White "Ikke"]
[Black "Yakke"]
[WhiteElo "1080"]
[BlackElo "1800"]
[Result "0-1"]
[Round "1"]
1.e4 e5
2.Ng1f3 Nb8c6
3.c3 a6
4.g3 h6
5.c4 d6
6.h3 Bc8d7
7.h4 Ng8f6
8.Nb1c3 Bf8e7
9.Bf1g2 Bd7g4
10.b3 Nc6d4
11.Nf3xd4 Bg4xd1
12.Kxd1 exd4
13.Nc3e2 c5
14.h5 d3
15.f3 dxe2
16.Kxe2 O-O
17.g4 Qd8d7
18.Kd3 Qd7c7
19.Bc1b2 Rf8d8
20.Bb2c3 Nf6e8
21.Ra1c1 Ne8f6
22.Kc2 d5
23.cxd5 b5
24.Rc1d1 b4
25.Bc3b2 Qc7a5
26.a3 bxa3
27.Bb2e5 Nf6e8
28.d3 Qa5b4
29.Be5c3 Qb4b5
30.e5 Rd8xd5
31.Bg2f1 Ra8b8
32.Bf1e2 Qb5xb3
33.Kd2 c4
34.d4 Be7g5
35.Ke1 Qb3xc3
36.Kf2 Qc3e3
37.Kf1 Rb8b2
38.Rd1e1 a2
39.e6 fxe6
40.Kg2 a1Q
41.Re1xa1 Qe3xe2
42.Kg3 Qe2g2

0-1

[Event "Match"]
[Site "www.echecsemail.com"]
[Date "2015.02.23"]
[Round "1"]
[White "Wwgia"]
[Black "Groz"]
[WhiteElo "2130"]
[BlackElo "1809"]
[Result "0-1"]
[Round "1"]
1.d4 Ng8f6
2.c4 c6
3.Nb1c3 d5
4.Ng1f3 a6
5.c5 Bc8f5
6.Bc1f4 Nb8d7
7.h3 e6
8.e3 Bf8e7
9.Nf3e5 Nd7xe5
10.Bf4xe5 O-O
11.g4 Bf5g6
12.h4 Nf6d7
13.h5 f6
14.hxg6 fxe5
15.Rh1xh7 Be7h4
16.Rh7xh4 Qd8xh4
17.Qd1e2 exd4
18.exd4 e5
{ resign }
0-1

[Event "Match"]
[Site "www.echecsemail.com"]
[Date "2015.02.23"]
[Round "1"]
[White "Sebolix"]
[Black "Nimzo"]
[WhiteElo "2670"]
[BlackElo "2640"]
[Result "1/2-1/2"]
[Round "1"]
1.Ng1f3 Ng8f6
2.g3 b6
3.Bf1g2 Bc8b7
4.c4 e6
5.O-O Bf8e7
6.Nb1c3 O-O
7.Rf1e1 d5
8.cxd5 Nf6xd5
9.e4 Nd5xc3
10.bxc3 Nb8c6
11.d4 Nc6a5
12.Bc1f4 Be7d6
13.Nf3e5 Qd8e8
14.Ne5d3 Ra8d8
15.Qd1g4 Kh8
16.Ra1d1 Qe8c6
17.Rd1c1 Qc6a4
18.Qg4e2 Rf8e8
19.Rc1d1 Kg8
20.Rd1b1 Bb7a6
21.e5 Bd6e7
22.Bg2e4 Ba6b7
23.Nd3b2 Qa4a3
24.Be4xb7 Na5xb7
25.Bf4e3 c5
26.Re1c1 Rd8c8
27.Qe2b5 Qa3a5
28.a4 Qa5xb5
29.axb5 Nb7a5
30.Rc1d1 cxd4
31.cxd4 Re8d8
32.Rb1c1 f6
33.Rc1xc8 Rd8xc8
34.Nb2d3 Kf7
35.Rd1c1 Rc8xc1
{ draw }
1/2-1/2

[Event "Match"]
[Site "www.echecsemail.com"]
[Date "2015.02.23"]
[Round "1"]
[White "Cardiff"]
[Black "Orkman"]
[WhiteElo "1950"]
[BlackElo "2150"]
[Result "1/2-1/2"]
[Round "1"]
1.e4 c5
2.b3 Nb8c6
3.Bc1b2 d6
4.Bf1b5 a6
5.Bb5xc6 bxc6
6.Ng1f3 Bc8g4
7.h3 Bg4h5
8.O-O e6
9.d3 d5
10.Nb1d2 Ng8f6
11.Rf1e1 Bf8e7
12.Qd1c1 Bh5xf3
13.Nd2xf3 O-O
14.Nf3e5 Qd8c7
15.Qc1d1 Rf8d8
16.Qd1e2 Nf6d7
17.Ne5xd7 Rd8xd7
18.Qe2g4 Be7f8
19.a4 dxe4
20.Qg4xe4 Qc7d6
21.Bb2e5 Qd6d5
22.Ra1d1 { draw }
1/2-1/2

[Event "Match"]
[Site "www.echecsemail.com"]
[Date "2015.02.23"]
[Round "1"]
[White "F14"]
[Black "Harrytheking"]
[WhiteElo "1599"]
[BlackElo "1720"]
[Result "1-0"]
[Round "1"]
1.e4 b6
2.d4 Bc8a6
3.Bf1d3 Ba6xd3
4.Qd1xd3 e6
5.Ng1f3 d6
6.O-O h6
7.c4 Ng8e7
8.Nb1c3 a6
9.Bc1e3 Ne7g6
10.Ra1d1 Nb8d7
11.a4 Bf8e7
12.b4 O-O
13.c5 bxc5
14.dxc5 dxc5
15.Qd3xd7 Qd8xd7
16.Rd1xd7 cxb4
17.Nc3e2 c5
18.Rd7xe7 Ng6xe7
19.Be3xc5 Rf8e8
20.Bc5xb4 Ne7c6
21.Bb4d2 g5
22.h3 f5
23.exf5 exf5
24.Nf3d4 Nc6xd4
25.Ne2xd4 Kg7
26.Nd4xf5 Kg6
27.Nf5e3 Ra8d8
28.Bd2c3 Kh5
29.g4 Kg6
30.a5 Rd8d3
31.Bc3b4 Rd3b3
32.Bb4c5 Re8c8
33.Bc5b6 h5
34.Ne3d5 Rc8c2
35.Rf1e1 Rb3xh3
36.gxh5 Kxh5
37.Nd5f6 Kg6
38.Nf6g4 Kh5
39.Ng4f6 Kg6
40.Nf6g4 Kh5
41.Ng4e3 Rc2a2
42.Kg2 Rh3h4
43.Kg3 Ra2a3
44.Kg2 Ra3a2
45.Ne3f5 Rh4g4
46.Nf5g3 Kh4
47.Re1h1 
1-0

[Event "Match"]
[Site "www.echecsemail.com"]
[Date "2015.02.23"]
[Round "1"]
[White "Whitekknight"]
[Black "Hrob71"]
[WhiteElo "1820"]
[BlackElo "1499"]
[Result "1-0"]
[Round "1"]
1.e4 e5
2.Ng1f3 Ng8f6
3.Nb1c3 Nb8c6
4.Bf1c4 Nf6xe4
5.Bc4xf7 Kxf7
6.Nc3xe4 d5
7.Ne4c3 e4
8.Nf3g1 Bc8e6
9.Ng1e2 Bf8d6
10.d3 Bd6b4
11.Bc1d2 exd3
12.cxd3 Qd8f6
13.Qd1c2 Rh8f8
14.a3 Bb4c5
15.Rh1f1 Ra8d8
16.f3 Qf6h4
17.g3 Qh4xh2
18.O-O-O Qh2g2
19.Rd1e1 Bc5f2
20.Ne2f4 Qg2xg3
21.Nf4xe6 Rd8e8
22.Nc3e2 Qg3h4
23.Rf1h1 Qh4f6
24.Ne6g5 Kg8
25.d4 Qf6f5
26.Qc2xf5 Rf8xf5
27.Kd1 Bf2xe1
28.Rh1xe1 h6
29.Ng5h3 Rf5xf3
30.Nh3f4 g5
31.Nf4xd5 Re8e4
32.Bd2c3 Kf7
33.Kd2 Nc6e7
34.Nd5b4 Kg6
35.Nb4d3 Ne7f5
36.Nd3e5 Re4xe5
37.dxe5 g4
38.e6 g3
39.Ne2d4 Rf3f2
40.Kd3 Nf5e7
41.Re1g1 g2
42.Ke3 { resign }
1-0

[Event "Eq:Team USA-CONFOEDERATIONIS HELVETICAE : "]
[Site "www.chess-mail.com"]
[Date "2015.02.23"]
[Round "1"]
[White "Bigrezi"]
[Black "Gatrooper"]
[WhiteElo "1870"]
[BlackElo "1330"]
[Result "1-0"]
[Round "1"]
1.e4 e5
2.Ng1f3 Nb8c6
3.Bf1b5 a6
4.Bb5a4 h6
5.d4 exd4
6.Nf3xd4 Nc6xd4
7.Qd1xd4 Ng8f6
8.c3 b5
9.Ba4c2 Bc8b7
10.f3 Qd8e7
11.Bc1e3 c5
12.Qd4d1 d6
13.O-O Ra8d8
14.Qd1d2 d5
15.exd5 Rd8xd5
16.Qd2e2 Nf6d7
17.Nb1d2 Nd7e5
18.Rf1e1 f6
19.Bc2e4 Rd5d7
20.Be4xb7 Kf7
21.Bb7xa6 g6
22.Ba6xb5 Rd7c7
23.c4 h5
24.Nd2e4 Bf8h6
25.Be3xh6 Rh8xh6
26.Ra1d1 Kg7
27.h3 h4
28.Ne4c3 Qe7f8
29.Nc3d5 Rc7a7
30.a3 g5
31.Re1f1 Qf8b8
32.f4 gxf4
33.Rf1xf4 Ne5g6
34.Rf4xf6 Rh6h5
35.Qe2xh5 Qb8g3
36.Rd1f1  { time }
1-0

[Event "Eq:BEAC Hungary-Team USA : "]
[Site "www.chess-mail.com"]
[Date "2015.02.23"]
[Round "1"]
[White "Picifarkinca"]
[Black "Gatrooper"]
[WhiteElo "2000"]
[BlackElo "1440"]
[Result "1-0"]
[Round "1"]
1.Ng1f3 Nb8c6
2.e4 e5
3.Bf1b5 a6
4.Bb5a4 h6
5.O-O Ng8f6
6.Rf1e1 Nf6g4
7.h3 Ng4f6
8.c3 b5
9.Ba4b3 d6
10.d4 exd4
11.cxd4 Bf8e7
12.Nb1d2 Nc6b4
13.Nd2f1 Bc8b7
14.Nf1g3 h5
15.a3 Nb4c6
16.Ng3f5 Bb7c8
17.Nf5xg7 Kf8
18.Ng7f5 Bc8xf5
19.exf5 d5
20.Nf3e5 Nc6xe5
21.dxe5 Nf6e4
22.Qd1xd5 Qd8xd5
23.Bb3xd5 Ne4g5
24.Bd5xa8  { time }
1-0

[Event "Tourn. n8028"]
[Site "www.chess-mail.com"]
[Date "2015.02.24"]
[Round "1"]
[White "Difficult"]
[Black "Sontuozio"]
[WhiteElo "2020"]
[BlackElo "2160"]
[Result "0-1"]
[Round "1"]
1.c4 e6
2.Nb1c3 d5
3.cxd5 exd5
4.d4 Ng8f6
5.Bc1g5 c6
6.e3 Nb8d7
7.Ng1f3 Bf8b4
8.Bf1d3 Qd8a5
9.Qd1c2 O-O
10.O-O Rf8e8
11.a3 Bb4d6
12.Bd3f5 Nf6e4
13.Bf5xe4 dxe4
14.Nc3xe4 Bd6f8
15.Bg5f4 Nd7b6
16.Ne4g5 g6
17.Bf4c7 Bf8h6
18.b4 Qa5d5
19.Bc7xb6 axb6
20.e4 Qd5d8
21.h4 Bh6xg5
22.hxg5 Bc8g4
23.Qc2d2 Bg4xf3
24.gxf3 Qd8d7
25.Ra1d1 Ra8xa3
26.Qd2f4 Qd7h3
27.Qf4c7 Ra3xf3
28.Qc7xb7 Qh3g4
{ resign }
0-1

[Event "Tourn. n8086"]
[Site "www.chess-mail.com"]
[Date "2015.02.24"]
[Round "1"]
[White "Olddog55"]
[Black "Jasonbarlow7"]
[WhiteElo "1690"]
[BlackElo "1499"]
[Result "0-1"]
[Round "1"]
1.d4 d5
2.Ng1f3 g6
3.e3 Ng8f6
4.Bf1d3 Bf8g7
5.O-O O-O
6.b3 c6
7.Nf3e5 Nb8d7
8.f4 Nd7xe5
9.fxe5 Nf6e4
10.c4 f6
11.Bc1b2 f5
12.Qd1e1 e6
13.Nb1d2 Ne4xd2
14.Qe1xd2 Bg7h6
15.Rf1f3 Kg7
16.Rf3g3 f4
17.exf4 Bh6xf4
18.Qd2e1 Bf4xg3
19.Qe1xg3 Bc8d7
20.h4 Bd7e8
21.h5 b6
22.Bb2c1 c5
23.h6 Kh8
24.Bc1g5 Qd8c7
25.Bg5f6 Kg8
26.cxd5 exd5
27.Bd3f5 Rf8xf6
28.Qg3g5 Rf6xf5
{ resign }
0-1

[Event "Tourn. n7929"]
[Site "www.chess-mail.com"]
[Date "2015.02.24"]
[Round "1"]
[White "Woodpusher2"]
[Black "Nimzo"]
[WhiteElo "2470"]
[BlackElo "2660"]
[Result "1/2-1/2"]
[Round "1"]
1.e4 e6
2.d4 d5
3.Nb1d2 c5
4.Ng1f3 cxd4
5.exd5 Qd8xd5
6.Bf1c4 Qd5d6
7.O-O Ng8f6
8.Nd2b3 Nb8c6
9.Nb3xd4 Nc6xd4
10.Nf3xd4 a6
11.Rf1e1 Qd6c7
12.Qd1e2 Bf8c5
13.c3 h6
14.g3 Bc5xd4
15.cxd4 b5
16.Bc4b3 Qc7c6
17.Qe2c2 Bc8b7
18.Qc2xc6 Bb7xc6
19.Bc1f4 O-O
20.Ra1c1 Bc6d5
21.Bf4d6 Rf8c8
22.Bb3xd5 Nf6xd5
23.Rc1c5 Rc8d8
24.Rc5c6 Rd8d7
25.Kg2 a5
26.a3 g5
27.Re1h1 Kg7
28.h4 Ra8d8
29.Bd6c5 a4
30.hxg5 hxg5
31.b3 Rd8a8
32.bxa4 bxa4
33.Rh1b1 Kg6
34.Rb1b2 g4
35.Rb2e2 Nd5f6
36.Re2e1 Rd7d5
37.Re1e5 { draw }
1/2-1/2

[Event "Tourn. n8082"]
[Site "www.chess-mail.com"]
[Date "2015.02.24"]
[Round "1"]
[White "Vinvangogh"]
[Black "Kesalon"]
[WhiteElo "1340"]
[BlackElo "1679"]
[Result "0-1"]
[Round "1"]
1.e4 c5
2.d4 cxd4
3.Qd1xd4 Nb8c6
4.Qd4d1 d6
5.Ng1f3 Ng8f6
6.Bf1d3 Bc8g4
7.Bc1g5 Nc6d4
8.Bd3e2 Nd4xe2
9.Qd1xe2 Qd8a5
10.Bg5d2 Qa5b6
11.Nb1c3 e5
12.b3 Ra8c8
13.Nc3a4 Qb6c6
14.Bd2b4 Nf6xe4
15.Ra1d1 Ne4f6
16.Qe2d3 e4
17.Qd3e3 Bf8e7
18.O-O exf3
19.Rd1xd6 Qc6c7
20.Rf1d1 Bg4e6
21.Qe3e5 O-O
22.Na4c5 Be7xd6
23.Qe5g5 Bd6xc5
24.Bb4d2 Rf8d8
25.gxf3 Bc5b4
26.Kg2 Rd8xd2
27.Rd1xd2 Bb4xd2
28.Qg5xd2 Rc8d8
29.Qd2g5 Qc7xc2
30.h4 Qc2g6
31.Qg5xg6 hxg6
32.Kg3 Rd8d2
33.f4 Rd2xa2
34.f3 Nf6h5
{ resign }
0-1

[Event "Tourn. n8025"]
[Site "www.chess-mail.com"]
[Date "2015.02.24"]
[Round "1"]
[White "Blackpool"]
[Black "Fabos12"]
[WhiteElo "1880"]
[BlackElo "1900"]
[Result "1-0"]
[Round "1"]
1.d4 g6
2.g3 Bf8g7
3.Bf1g2 d6
4.e4 Nb8c6
5.Ng1e2 Bc8g4
6.c3 Qd8d7
7.O-O O-O-O
8.f3 Bg4h3
9.Qd1a4 Kb8
10.Bc1e3 Ng8f6
11.d5 Nc6a5
12.Qa4xa5 b6
13.Qa5a6 Bh3xg2
14.Kxg2 e6
15.dxe6 fxe6
16.a4 c5
17.a5 b5
18.Nb1a3 Rd8c8
19.Qa6xb5 Qd7xb5
20.Na3xb5 d5
21.a6 Nf6d7
22.Ne2f4 dxe4
23.Nf4xe6 exf3
24.Rf1xf3 Bg7e5
25.Ra1d1 Nd7f6
26.Be3xc5 Nf6e4
27.Bc5xa7 Ka8
28.Rd1d7 Rh8e8
29.Rf3f7 Re8xe6
30.Ba7e3 Be5b8
31.Rd7a7 Bb8xa7
32.Rf7xa7 Kb8
33.Be3f4 Ne4d6
34.Ra7b7 Ka8
35.Bf4xd6 Re6e2
36.Kf3 Re2xb2
37.Rb7a7 
1-0

[Event "Tourn. n8066"]
[Site "www.chess-mail.com"]
[Date "2015.02.24"]
[Round "1"]
[White "Powerchess"]
[Black "Nimzo2"]
[WhiteElo "1360"]
[BlackElo "1659"]
[Result "0-1"]
[Round "1"]
1.d4 Ng8f6
2.c4 c5
3.d5 e6
4.Nb1c3 exd5
5.cxd5 d6
6.e4 g6
7.Bf1b5 Bc8d7
8.Bb5xd7 Nb8xd7
9.Ng1e2 Bf8g7
10.O-O O-O
11.h3 b5
12.Ne2g3 b4
13.Nc3e2 Nd7b6
14.Bc1g5 Qd8d7
15.Qd1c2 Rf8e8
16.f3 h6
17.Bg5d2 a5
18.a3 Qd7b5
19.axb4 axb4
20.Bd2f4 Nb6c4
21.Rf1c1 Ra8xa1
22.Rc1xa1 Nf6d7
23.Ra1b1 Nd7b6
24.Ne2c1 g5
{ resign }
0-1

[Event "Tourn. n8105"]
[Site "www.chess-mail.com"]
[Date "2015.02.24"]
[Round "1"]
[White "T9l9"]
[Black "Kesalon"]
[WhiteElo "1499"]
[BlackElo "1699"]
[Result "1-0"]
[Round "1"]
1.d4 Ng8f6
2.c4 e6
3.Ng1f3 b6
4.g3 Bc8b7
5.Bf1g2 d5
6.O-O c5
7.cxd5 Bb7xd5
8.Nb1c3 Bd5b7
9.e4 Nf6xe4
10.Nc3xe4 Bb7xe4
11.Qd1e2 Be4b7
12.dxc5 Bf8xc5
13.b4 Bc5d6
14.Bc1g5 Qd8d7
15.Rf1d1 O-O
16.Nf3e5 Qd7c7
17.Ra1c1 { resign }
1-0

[Event "Tourn. n7977"]
[Site "www.chess-mail.com"]
[Date "2015.02.24"]
[Round "1"]
[White "Cardiff"]
[Black "Syd"]
[WhiteElo "2110"]
[BlackElo "2220"]
[Result "0-1"]
[Round "1"]
1.d4 Ng8f6
2.c4 c5
3.d5 b5
4.cxb5 a6
5.g3 axb5
6.Bf1g2 d6
7.e4 Nb8d7
8.Ng1e2 g6
9.O-O Bf8g7
10.Nb1c3 b4
11.Nc3b1 O-O
12.Nb1d2 Nd7e5
13.a3 Ne5d3
14.Ra1b1 Nd3xc1
15.Qd1xc1 Bc8a6
16.Rf1e1 Ba6d3
17.Rb1a1 bxa3
18.Ra1xa3 Ra8xa3
19.bxa3 Qd8a5
20.Ne2f4 Bd3a6
21.Re1e3 Nf6g4
22.Re3b3 Bg7d4
23.Nf4h3 Kg7
24.Nd2f3 Bd4f6
25.Bg2f1 Ba6xf1
26.Qc1xf1 Qa5a4
27.Qf1b1 Ng4e5
28.Nf3xe5 Bf6xe5
29.Rb3d3 Qa4xe4
30.Rd3d1 Qe4xb1
31.Rd1xb1 Rf8a8
32.Rb1b3 c4
33.Rb3e3 c3
34.Kf1 c2
{ resign }
0-1

[Event "Tourn. n8028"]
[Site "www.chess-mail.com"]
[Date "2015.02.24"]
[Round "1"]
[White "Sontuozio"]
[Black "Aperturaf"]
[WhiteElo "2160"]
[BlackElo "2250"]
[Result "0-1"]
[Round "1"]
1.d4 d5
2.Ng1f3 Ng8f6
3.e3 e6
4.Bf1d3 c5
5.c3 Nb8c6
6.Nb1d2 Bf8d6
7.O-O O-O
8.a3 c4
9.Bd3c2 Bc8d7
10.e4 Nf6xe4
11.Nd2xe4 dxe4
12.Bc2xe4 Qd8c7
13.Be4xh7 Kxh7
14.Nf3g5 Kg6
15.f4 Nc6e7
16.Rf1f3 f6
17.Qd1c2 Ne7f5
18.Ng5e4 Bd7c6
19.g4 Kf7
20.gxf5 exf5
21.Ne4xd6 Qc7xd6
22.Rf3g3 Qd6d5
23.Qc2g2 Qd5xg2
24.Rg3xg2 Bc6xg2
25.Kxg2 Ra8e8
26.Kf2 Rf8h8
27.Kg3 Re8e1
28.b4 cxb3
29.Bc1b2 Re1e2
30.Ra1b1 Re2xh2
{ resign }
0-1

[Event "Tourn. n8015"]
[Site "www.chess-mail.com"]
[Date "2015.02.24"]
[Round "1"]
[White "Gatrooper"]
[Black "Azulmarino"]
[WhiteElo "1480"]
[BlackElo "1550"]
[Result "0-1"]
[Round "1"]
1.e4 e5
2.a3 Ng8f6
3.Nb1c3 Nb8c6
4.h3 d5
5.exd5 Nf6xd5
6.Nc3xd5 Bf8d6
7.Bf1c4 Bc8e6
8.Qd1f3 Rh8f8
9.Nd5e3 Nc6d4
10.Qf3d1 Be6xc4
11.Ne3xc4 Bd6c5
12.Ng1f3 Qd8f6
13.Nc4xe5 Nd4xf3
14.Ne5xf3 Qf6e6
15.Qd1e2 O-O-O
 { time }
0-1

[Event "Tourn. n8036"]
[Site "www.chess-mail.com"]
[Date "2015.02.24"]
[Round "1"]
[White "Falcoale"]
[Black "Goga"]
[WhiteElo "1870"]
[BlackElo "1980"]
[Result "0-1"]
[Round "1"]
1.e4 e6
2.d4 d5
3.e5 c5
4.Ng1f3 a6
5.Bc1e3 Nb8c6
6.c3 c4
7.Be3g5 Qd8b6
8.Qd1c2 h6
9.Bg5h4 Ng8e7
10.Nb1d2 Ne7f5
11.Bh4g3 Bf8e7
12.Bf1e2 O-O
13.Nd2f1 Bc8d7
14.h3 Nf5xg3
15.fxg3 Bd7e8
16.h4 f5
17.Nf1d2 Qb6c7
18.O-O-O b5
19.Nf3h2 b4
20.g4 bxc3
21.Qc2xc3 Be7b4
22.Qc3e3 f4
23.Qe3g1 c3
24.Nd2b3 Nc6a5
25.Nb3xa5 cxb2
26.Kxb2 Qc7c3
27.Kb1 Bb4a3
{ resign }
0-1

[Event "Tourn. n7960"]
[Site "www.chess-mail.com"]
[Date "2015.02.24"]
[Round "1"]
[White "Picifarkinca"]
[Black "Cardiff"]
[WhiteElo "2000"]
[BlackElo "2070"]
[Result "0-1"]
[Round "1"]
1.Ng1f3 Ng8f6
2.c4 e6
3.Nb1c3 d5
4.d4 Bf8e7
5.cxd5 exd5
6.Bc1f4 c6
7.h3 O-O
8.e3 Bc8f5
9.Bf1d3 Bf5xd3
10.Qd1xd3 Nb8d7
11.Nf3e5 Nd7xe5
12.Bf4xe5 Be7d6
13.Be5xd6 Qd8xd6
14.O-O Rf8e8
15.Qd3b1 Nf6e4
16.Qb1c2 Ne4xc3
17.Qc2xc3 Ra8d8
18.Ra1d1 f5
19.Rf1e1 Re8e4
20.Qc3a5 a6
21.Qa5b6 Qd6d7
22.Rd1c1 Rd8e8
23.Qb6b4 Qd7e7
24.Qb4xe7 Re8xe7
25.Re1d1 f4
26.exf4 Re4xf4
{ resign }
0-1

[Event "Tourn. n7948"]
[Site "www.chess-mail.com"]
[Date "2015.02.24"]
[Round "1"]
[White "Difficult"]
[Black "Picifarkinca"]
[WhiteElo "1880"]
[BlackElo "2000"]
[Result "1/2-1/2"]
[Round "1"]
1.d4 Ng8f6
2.c4 e6
3.Nb1c3 Bf8b4
4.e3 d5
5.cxd5 Bb4xc3
6.bxc3 exd5
7.Ng1f3 O-O
8.Bf1d3 Rf8e8
9.O-O Nf6e4
10.Qd1c2 Qd8e7
11.a4 Qe7f6
12.c4 c6
13.cxd5 cxd5
14.Nf3e5 Nb8c6
15.Ne5xc6 Qf6xc6
16.Bd3xe4 Re8xe4
17.Qc2d3 Qc6g6
18.Rf1d1 Re4g4
19.Qd3xg6 Rg4xg6
20.Bc1a3 Bc8h3
21.g3 Rg6c6
22.Ra1c1 Ra8c8
23.Rc1xc6 Rc8xc6
24.Rd1c1 { draw }
1/2-1/2

[Event "Tourn. n8009"]
[Site "www.chess-mail.com"]
[Date "2015.02.24"]
[Round "1"]
[White "Llcervello"]
[Black "Birdchess"]
[WhiteElo "1720"]
[BlackElo "1660"]
[Result "0-1"]
[Round "1"]
1.e4 d6
2.f3 e5
3.d3 Nb8c6
4.c3 Ng8f6
5.g3 Bf8e7
6.b4 a6
7.h4 d5
8.Bc1a3 dxe4
9.fxe4 O-O
10.Qd1a4 Bc8d7
11.b5 axb5
12.Qa4b3 Be7xa3
13.Nb1xa3 Nc6e7
14.Na3xb5 Bd7xb5
15.Qb3xb5 b6
16.Qb5xe5 Ne7c6
17.Qe5f4 Qd8d7
18.d4 Nf6xe4
19.Qf4xe4 Rf8e8
20.Qe4xe8 Ra8xe8
21.Bf1e2 Qd7g4
22.Rh1h3 Re8xe2
23.Ng1xe2 Qg4xh3
24.Kd2 h6
25.Ra1b1 Qh3g2
26.a4 Nc6e7
27.Rb1e1 Ne7c6
28.Ke3 Qg2d5
29.Ne2f4 Qd5f5
30.Kf3 g5
31.g4 Qf5xf4
{ resign }
0-1

[Event "Tourn. n7990"]
[Site "www.chess-mail.com"]
[Date "2015.02.24"]
[Round "1"]
[White "Difficult"]
[Black "Julian"]
[WhiteElo "1900"]
[BlackElo "1900"]
[Result "1-0"]
[Round "1"]
1.e4 c5
2.c3 d6
3.d4 cxd4
4.cxd4 Ng8f6
5.Nb1c3 e5
6.dxe5 dxe5
7.Qd1xd8 Kxd8
8.Bc1g5 Bf8e7
9.O-O-O Ke8
10.Ng1f3 Nb8c6
11.h3 Bc8e6
12.Bf1b5 Be6d7
13.Kb1 a6
14.Bb5xc6 Bd7xc6
15.Bg5xf6 Be7xf6
16.Nc3d5 Ra8c8
17.Rh1e1 Bc6xd5
18.Rd1xd5 Rc8c6
19.Nf3xe5 Bf6xe5
20.Rd5xe5 Rc6e6
21.Re5xe6 fxe6
22.Re1c1 Kd7
23.Rc1d1 Ke7
24.Kc2 Rh8c8
25.Kd2 Kf6
26.Kd3 h5
27.Rd1d2 g5
28.Ke3 Ke5
29.g3 Rc8c7
30.f4 gxf4
31.gxf4 Kf6
32.e5 Kf5
33.Rd2g2 { resign }
1-0

[Event "Tourn. n8030"]
[Site "www.chess-mail.com"]
[Date "2015.02.24"]
[Round "1"]
[White "Oliverio"]
[Black "Falcoale"]
[WhiteElo "1670"]
[BlackElo "1870"]
[Result "0-1"]
[Round "1"]
1.d4 Ng8f6
2.Ng1f3 b6
3.Bc1g5 h6
4.Bg5xf6 exf6
5.e4 Bc8b7
6.Bf1d3 Bf8d6
7.O-O O-O
8.c4 Rf8e8
9.Nb1c3 Bd6b4
10.Rf1e1 Nb8c6
11.Ra1c1 a6
12.a3 Bb4e7
 { time }
0-1